Cihelková, Eva a kol.: Světová ekonomika. Regiony a integrace

Recenzia publikácie Cihelková, Eva a kol.: Světová ekonomika. Regiony a integrace. Praha: Grada Publishing, s.r.o. 2002. 236 s. Pozostáva zo šiestich kapitol venovaných globalizácii, regionalizácii a integrácii vo svetovej ekonomike a jednotlivých regiónoch sveta.

Guardado en:
Detalles Bibliográficos
Autor principal: Baláž, Peter
Formato: Capítulo de libro
Lenguaje:eslovaco
Materias:
Etiquetas: Agregar Etiqueta
Sin Etiquetas, Sea el primero en etiquetar este registro!

MARC

LEADER 00000naa a2200000 4500
001 r046069
005 20230929074351.8
041 0 |a slo 
044 |a SK 
245 1 0 |a Cihelková, Eva a kol.: Světová ekonomika. Regiony a integrace  |c Peter Baláž 
520 |a Recenzia publikácie Cihelková, Eva a kol.: Světová ekonomika. Regiony a integrace. Praha: Grada Publishing, s.r.o. 2002. 236 s. Pozostáva zo šiestich kapitol venovaných globalizácii, regionalizácii a integrácii vo svetovej ekonomike a jednotlivých regiónoch sveta. 
610 2 0 |a recenzie 
610 2 0 |a hospodárstvo svetové 
610 2 0 |a regióny 
610 2 0 |a integrácia ekonomická medzinárodná 
610 2 0 |a globalizácia hospodárstva 
610 2 0 |a liberalizácia 
100 1 |a Baláž, Peter